LEADER 00957nam0 2200289 450 001 9911064226003321 005 20260223133535.0 010 $a9791254709863 100 $a20260223d2025----km y0itay50 ba 101 0 $aita 102 $aIT 105 $ay 001yy 200 1 $aManuale sistematico di diritto penale$eparte speciale$eanalisi ragionata e metodologica di tutti i singoli reati$fMarco Fratini, Lucrezia Fiandaca 205 $aEdizione 2025-2026 210 $aLXXI, 1422 p.$d2025 215 $aMolfetta$cNeldiritto Editore$d25 cm 225 1 $a<>manuali sistematici 300 $aSul front.: Metodo magistrato. Accademia del diritto 700 1$aFratini,$bMarco$0502391 701 1$aFiandaca,$bLucrezia$0606915 801 0$aIT$bUNINA$gREICAT$2UNIMARC 901 $aBK 912 $a9911064226003321 952 $a4,1-470$bP1263$fDSPCP 959 $aDSPCP 996 $aManuale sistematico di diritto penale$94545177 997 $aUNINA